[Event "Berliner Sommer"]
[Site "Berlin"]
[Date "1997.??.??"]
[Round "8"]
[White "Timoshchenko, Gennadi A"]
[Black "Siebrecht, Sebastian"]
[Result "1-0"]
[WhiteElo "2540"]
[BlackElo "2370"]

1.d4 g6 2.e4 Bg7 3.Nc3 a6 4.Be3 d6 5.Qd2 Nd7 6.Nf3 h6 7.a4 b6 8.d5 Bb7 9.Nd4 Ngf6
10.Be2 Nc5 11.f3 Qc8 12.O-O e5 13.Nc6 Bxc6 14.dxc6 Ne6 15.a5 bxa5 16.Rxa5 Nd8
17.Rfa1 Nxc6 18.Bb5 axb5 19.Rxa8 Nb8 20.Ba7 Nfd7 21.Nd5 Qb7 22.Bxb8 O-O 23.R1a7  1-0

[Event "Buenos Aires op"]
[Site "Buenos Aires"]
[Date "1997.??.??"]
[Round "1"]
[White "German, Gustavo"]
[Black "Garcia, Mario"]
[Result "1-0"]
[WhiteElo "2500"]
[BlackElo "2130"]

1.e4 g6 2.d4 Bg7 3.Nc3 c5 4.dxc5 Qa5 5.Bd2 Qxc5 6.Nd5 Na6 7.Nf3 e6 8.Bc3 Bxc3+
9.Nxc3 Nf6 10.Qd2 O-O 11.e5 Ng4 12.Bxa6 bxa6 13.Ne4 Qc7 14.Nf6+ Nxf6 15.exf6 Qd8
16.Qf4 Qa5+ 17.c3 Qf5 18.Qxf5 gxf5 19.O-O-O d5 20.Ne5 Bb7 21.Rd3 Rac8 22.Rg3+ Kh8
23.Rg7 Rc7 24.Rd1 d4 25.Rxd4 Be4 26.Nxf7+  1-0

[Event "Costa Rica-ch"]
[Site "Costa Rica"]
[Date "1997.??.??"]
[Round "3"]
[White "Melendez, Esteban"]
[Black "Jimenez, Juan Leon"]
[Result "0-1"]
[WhiteElo "2015"]
[BlackElo "2135"]

1.e4 g6 2.d4 Bg7 3.Nc3 c5 4.Nf3 cxd4 5.Nxd4 Nc6 6.Be3 Nf6 7.Bc4 O-O 8.Bb3 a5
9.f3 d5 10.exd5 Nb4 11.Nde2 a4 12.Nxa4 Nfxd5 13.Bf2 Bf5 14.a3 Nxc2+ 15.Bxc2 Qa5+
16.Kf1 Bxc2 17.Qxc2 Qxa4 18.Qxa4 Rxa4 19.Rd1 e6 20.Bd4 Rc8 21.Bxg7 Ne3+ 22.Ke1 Nxd1
23.Bd4 Rxd4 24.Nxd4 Nxb2 25.Ke2 Rc4 26.Rb1 Rxd4 27.Rxb2 Rd7 28.a4 h5 29.Kf2 Kg7
30.Kg3 Kf6 31.a5 Ke5 32.Rb6 f5 33.h4 f4+ 34.Kh2 Kf5 35.a6 bxa6 36.Rxa6 e5
37.Rb6 Rb7 38.Ra6 Rb2 39.Rc6 Rb8 40.Ra6 Re8 41.Ra5 Rg8 42.Kg1 Rb8 43.Kh2 Rb2
44.Kg1 Re2 45.Kf1 Rd2 46.Kg1 Rd6 47.Kh2 Ke6 48.Ra4 Rd5 49.Ra6+ Kf5 50.Ra8 Rd2
51.Rf8+ Ke6 52.Re8+ Kf6 53.Ra8 Re2 54.Ra6+ Kf7 55.Ra7+ Ke6 56.Ra6+ Kf5 57.Ra5 Rc2
58.Kg1 Rc7 59.Kh2 Re7 60.Kg1 Kf6 61.Ra6+ Re6 62.Ra4 Kg7 63.Ra7+ Kh6 64.Ra4 Re8
65.Kh2 Kh7 66.Ra7+ Kg8 67.Ra6 Kf7 68.Ra7+ Re7 69.Ra4 g5 70.Kh3 Kg6 71.Ra6+ Kf5
72.hxg5 Kxg5 73.Ra5 Kf5 74.Kh2  0-1

[Event "Costa Rica-ch"]
[Site "Costa Rica"]
[Date "1997.??.??"]
[Round "7"]
[White "Salas, Walter"]
[Black "Hernandez, Francisco"]
[Result "0-1"]
[WhiteElo "2000"]
[BlackElo "2225"]

1.e4 g6 2.d4 Bg7 3.Nc3 c5 4.Nge2 cxd4 5.Nxd4 Nc6 6.Be3 Nf6 7.g3 Ng4 8.Qxg4 Nxd4
9.O-O-O Nc6 10.Qe2 O-O 11.Qd2 Qa5 12.Bh6 Bxc3 13.Qxc3 Qxc3 14.bxc3 Rd8 15.f4 d6
16.Bc4 Bg4 17.Rde1 Na5 18.Bb3 Rac8 19.Re3 Nc4 20.Ree1 Rc5 21.f5 Ne5 22.fxg6 hxg6
23.Rhf1 Rxc3 24.Bd2 Rc7 25.Re3 Rdc8 26.Bb4 b6 27.Ba3 Be6 28.Kb1 Bxb3 29.cxb3 Rc2
30.h4 R2c3 31.Rc1 Rxc1+ 32.Bxc1 f6 33.Bb2 Ng4 34.Re2 Kf7 35.Re1 Ke6 36.Re2 Ne5
37.Rc2 Rxc2 38.Kxc2 f5 39.exf5+ Kxf5 40.Bc1 Kg4 41.Bg5 Nc6 42.Kc3 b5 43.a4 a6
44.axb5 axb5 45.Kd3 d5 46.Ke3 Kxg3 47.Ke2 e5 48.Ke3 Kg4 49.Bf6 Kf5 50.Bg5 Nd4
51.Kd3 Nxb3  0-1

[Event "Costa Rica-ch"]
[Site "Costa Rica"]
[Date "1997.??.??"]
[Round "11"]
[White "Hernandez, Francisco"]
[Black "Jimenez, Juan Leon"]
[Result "1-0"]
[WhiteElo "2205"]
[BlackElo "2135"]

1.e4 g6 2.d4 Bg7 3.Nc3 c5 4.dxc5 Qa5 5.Bd2 Qxc5 6.Nd5 b6 7.Bf4 Bxb2 8.Nc7+ Kd8
9.Nxa8 Qb4+ 10.Bd2 Qxe4+ 11.Be2 Qxa8 12.Rb1 Bg7 13.Nf3 Nf6 14.O-O Bb7 15.Bc3 d6
16.a4 Nbd7 17.Re1 Qc8 18.Ba1 h6 19.Nd4 Nc5 20.c4 Be4 21.Rc1 Qd7 22.Bf3 Bxf3
23.Qxf3 Kc7 24.a5 bxa5 25.Bc3 Rb8 26.Bxa5+ Kc8 27.Rxe7 Qxe7 28.Qc6+  1-0

[Event "Schachschule Erlangen op"]
[Site "Erlangen"]
[Date "1997.??.??"]
[Round "3"]
[White "Zwanzger, Johannes"]
[Black "Basting, Steffen"]
[Result "1-0"]
[WhiteElo "2230"]
[BlackElo "1389"]

1.Nc3 g6 2.e4 Bg7 3.d4 c5 4.Nf3 cxd4 5.Nxd4 d6 6.Be3 Nf6 7.f3 Nbd7 8.Qd2 O-O
9.O-O-O Nc5 10.Bh6 Qa5 11.Kb1 Bd7 12.h4 Na4 13.Nd5 Qd8 14.Nxf6+ Bxf6 15.Bxf8 Qb6
16.c3 Rxf8 17.Bc4 Rc8 18.Bb3 Nc5 19.h5 g5 20.h6  1-0

[Event "Bundesliga 9697"]
[Site "Germany"]
[Date "1997.??.??"]
[Round "?.6"]
[White "Fischdick, Gisela"]
[Black "Troyke, Christian"]
[Result "1/2-1/2"]
[WhiteElo "2280"]
[BlackElo "2380"]

1.d4 g6 2.e4 Bg7 3.Nc3 d5 4.Nf3 c6 5.h3 Nh6 6.Bf4 dxe4 7.Nxe4 Qa5+ 8.Qd2 Qxd2+
9.Bxd2 Nf5 10.c3 O-O 11.Be2 Nd7 12.O-O Nf6 13.Nxf6+ Bxf6 14.Bf4 Nd6  1/2-1/2

[Event "Helsinki We G"]
[Site "Helsinki"]
[Date "1997.??.??"]
[Round "5"]
[White "Keskisarja, Teemu"]
[Black "Kilpela, Panu"]
[Result "1-0"]
[WhiteElo "2315"]
[BlackElo "2220"]

1.e4 g6 2.d4 Bg7 3.Nc3 d5 4.exd5 Nf6 5.Bc4 Nbd7 6.Bg5 O-O 7.Nge2 Nb6 8.Bxf6 Nxc4
9.Bxg7 Kxg7 10.Qd3 Nb6 11.Qf3 Bf5 12.O-O-O Qd6 13.Ng3 Bd7 14.Nge4 Qb4 15.a3 Qa5
16.Nc5 Bc8 17.Qe2 Re8 18.Rhe1 Nd7 19.Qb5  1-0

[Event "HUN-chT 9798"]
[Site "Hungary"]
[Date "1997.??.??"]
[Round "?"]
[White "Anka, Emil"]
[Black "Ozsvath, Andras"]
[Result "1-0"]
[WhiteElo "2450"]
[BlackElo "2310"]

1.e4 g6 2.d4 Bg7 3.Nc3 a6 4.Be3 d6 5.Qd2 Nf6 6.Bh6 Bxh6 7.Qxh6 c5 8.dxc5 Qa5
9.cxd6 Be6 10.dxe7 Nc6 11.Bd3 b5 12.Qg5 Ng4 13.Nf3 f6 14.Qd2 Nxe7 15.O-O Rd8
16.h3 Ne5 17.Nxe5 fxe5 18.Qg5 b4 19.Qf6 bxc3 20.b4 Qc7 21.Qxh8+ Ng8 22.b5 axb5
23.f4 Qc5+ 24.Kh1 exf4 25.Rxf4 g5 26.Rf3 g4 27.hxg4 Qg5 28.Raf1 b4 29.Rf8+ Kd7
30.Qd4+ Ke7 31.Qxd8+  1-0

[Event "Jaen-ch"]
[Site "Linares"]
[Date "1997.??.??"]
[Round "2"]
[White "Martos Exposito, Manuel"]
[Black "Rios del Moral, R."]
[Result "1-0"]
[WhiteElo "2135"]
[BlackElo "1805"]

1.e4 g6 2.d4 Bg7 3.Nc3 c5 4.d5 d6 5.Bg5 a6 6.Qd2 b5 7.Nge2 Nd7 8.Ng3 Qa5
9.Be2 Nb6 10.Nd1 Qxd2+ 11.Bxd2 Na4 12.Rb1 c4 13.b3 c3 14.bxa4 cxd2+ 15.Kxd2 bxa4
16.Nb2 Bh6+ 17.Kd3 Bd7 18.Nd1 f5 19.exf5 gxf5 20.Nh5 f4 21.Nc3 Bf5+ 22.Kd4 Nf6
23.Nxf6+ exf6 24.Bd3 Bd7 25.Ne4 Ke7 26.Rhe1 Bg7 27.Ng3+ Kf7 28.Nh5 Rhe8 29.Rxe8 Rxe8
30.Rb7 Re7 31.Nxg7 Kxg7 32.Bf5 Bxf5 33.Rxe7+ Kg6 34.Rc7 f3 35.gxf3 Bh3 36.f4 Bf1
37.Ke3 Bb5 38.c4 Be8 39.Re7 Bf7 40.f5+  1-0

[Event "Carlos Torre mem op"]
[Site "Merida"]
[Date "1997.??.??"]
[Round "4"]
[White "Sariego, Wilfredo"]
[Black "Amura, Claudia Noemi"]
[Result "0-1"]
[WhiteElo "2440"]
[BlackElo "2365"]

1.e4 g6 2.d4 Bg7 3.Nc3 c5 4.dxc5 Qa5 5.Bd2 Qxc5 6.Nf3 Nf6 7.Be3 Qa5 8.Qd2 Nc6
9.Bc4 O-O 10.Bb3 b5 11.Nd1 Nxe4 12.Qxa5 Nxa5 13.O-O Bb7 14.Re1 a6 15.c3 Nxb3
16.axb3 f5 17.b4 e5 18.Bb6 f4 19.Rc1 Rac8 20.Rc2 Rf6 21.Ba5 Re6 22.Nd2 Nxd2
23.Rxd2 d5 24.f3 e4 25.fxe4 dxe4 26.Rd7 Bc6 27.Rxg7+ Kxg7 28.Nf2 Rd6 29.Nh3 f3
30.gxf3 exf3 31.Bb6 Re8 32.Rxe8 Bxe8 33.Bd4+ Kh6 34.Kf2 Bc6 35.Be3+ Kh5 36.Kg3 g5
37.Bxg5 Rg6  0-1

[Event "Carlos Torre mem op"]
[Site "Merida"]
[Date "1997.??.??"]
[Round "8"]
[White "Sariego, Wilfredo"]
[Black "Palma, Jose Amado"]
[Result "1-0"]
[WhiteElo "2440"]
[BlackElo "2260"]

1.e4 g6 2.d4 Bg7 3.Nc3 c5 4.d5 d6 5.Nf3 Nf6 6.Be2 O-O 7.O-O Na6 8.h3 Nc7
9.a4 a6 10.Re1 Bd7 11.a5 Nb5 12.Nb1 e6 13.c4 Nd4 14.Nxd4 cxd4 15.Qxd4 Nxd5
16.Qd1 Nf6 17.Nc3 Bc6 18.Bf3 Qc7 19.Bf4 e5 20.Bg5 h6 21.Be3 Nd7 22.Qd2 Nc5
23.Ra3 Ne6 24.Bxh6 Nd4 25.Bd1 f5 26.exf5 gxf5 27.Ne2 Nxe2+ 28.Bxe2 f4 29.Bxg7 Qxg7
30.Bf3 Rf6 31.Bxc6 bxc6 32.Qe2 Kh8 33.c5 Rg8 34.g4  1-0

[Event "Central America-ch"]
[Site "MEX"]
[Date "1997.??.??"]
[Round "?"]
[White "Davila, Edmundo"]
[Black "Jimenez, Juan Leon"]
[Result "0-1"]
[WhiteElo "2180"]
[BlackElo "2240"]

1.d4 g6 2.e4 Bg7 3.Nc3 c5 4.d5 d6 5.Be2 Nf6 6.Nf3 O-O 7.Bg5 Na6 8.Qd2 Nc7
9.a4 b6 10.O-O Bb7 11.Rad1 a6 12.Rfe1 Rb8 13.Bf1 Nd7 14.Bh6 f6 15.Bxg7 Kxg7
16.Nh4 Ba8 17.f4 b5 18.axb5 axb5 19.b3 b4 20.Na4 Bb7 21.Bc4 Ra8 22.Nf3 Ba6
23.Nb2 Bxc4 24.Nxc4 Nb5 25.Ra1 Nc3 26.Qd3 Qc7 27.h4 Nb6 28.h5 Nxc4 29.bxc4 Rxa1
30.Rxa1 Qd7 31.hxg6 hxg6 32.e5 fxe5 33.fxe5 Qf5 34.Qxf5 Rxf5 35.Re1 Rf4 36.exd6 exd6
37.Re7+ Kf8 38.Re6 Rxc4 39.Ne1 Re4 40.Rxe4 Nxe4 41.Nd3 Ke7 42.Kf1 Kf6 43.Ke2 Nc3+
44.Ke3 Nxd5+ 45.Ke4 Nc3+ 46.Kf3 Kf5 47.g3 g5 48.g4+ Ke6 49.Ke3 Nd5+ 50.Kf3 Nf6
51.Nf2 Kd5 52.Ke3 Kc4 53.Kd2 d5 54.Kc1 Kd4 55.Kb2 c4 56.Nh3 Ne4 57.Ng1  0-1

[Event "NRW-Cup Masters op"]
[Site "Muenster"]
[Date "1997.??.??"]
[Round "9"]
[White "Wiertzema, Michael"]
[Black "Konietzka, Lutz"]
[Result "1-0"]
[WhiteElo "2215"]
[BlackElo "2150"]

1.d4 g6 2.e4 Bg7 3.Nc3 c5 4.d5 d6 5.Be3 Nf6 6.f3 O-O 7.Qd2 Na6 8.Bc4 Nc7
9.Nge2 Rb8 10.a4 b6 11.Rb1 a6 12.b4 Bd7 13.bxc5 bxc5 14.O-O Rb4 15.Rxb4 cxb4
16.Na2 a5 17.Bb3 Na6 18.Nac1 Nc5 19.Bxc5 dxc5 20.e5 Ne8 21.f4 Qc7 22.Qd3 Bf5
23.Qc4 Kh8 24.Ng3 f6 25.Nxf5 gxf5 26.d6 exd6 27.e6 Qe7 28.Qd3 Nc7 29.Qxf5 d5
30.Bxd5 Nxd5 31.Qxd5 f5 32.Nd3 Bd4+ 33.Kh1 Rf6 34.Re1 Kg7 35.h3 Kh8 36.Qd7  1-0

[Event "JUG-chT (Women)"]
[Site "Niksic"]
[Date "1997.??.??"]
[Round "6"]
[White "Maric, Mirjana"]
[Black "Benderac, Ana"]
[Result "1/2-1/2"]
[WhiteElo "2305"]
[BlackElo "2130"]

1.e4 g6 2.d4 Bg7 3.Nc3 c5 4.d5 d6 5.h3 a6 6.a4 Nf6 7.Nf3 O-O 8.Bc4 Qa5 9.Bd2 Qc7
10.O-O e5 11.dxe6 Bxe6 12.Bxe6 fxe6 13.Qe2 Nc6 14.Qc4 Rae8 15.Rad1 Nd7 16.Be3 Nde5
17.Nxe5 Nxe5 18.Qb3 Kh8 19.Rd2 Nc6 20.Ne2 Na5 21.Qa2 b5 22.b3 Nb7 23.axb5 axb5
24.Qa6 b4 25.Rfd1 Qf7 26.Kh1 h6 27.Bf4 g5 28.Bg3 e5 29.Nc1 h5 30.Qe2 Bh6
31.Rd3 Qg6 32.Bh2 Rf6 33.Rf3 Rxf3 34.Qxf3 Rf8 35.Qe2 Nd8 36.f3 Nc6 37.Bg1 g4
38.fxg4 Bf4 39.Nd3 hxg4 40.Nxf4 Rxf4 41.Re1 gxh3 42.gxh3 Rh4 43.Qf3 Qh6 44.Kg2 Qf4
45.Qxf4  1/2-1/2

[Event "ISR-ch U16"]
[Site "Petah Tiqwa"]
[Date "1997.??.??"]
[Round "4"]
[White "Lurie, Michael"]
[Black "Bitansky, Igor"]
[Result "1/2-1/2"]
[WhiteElo "2110"]
[BlackElo "2220"]

1.e4 g6 2.d4 Bg7 3.Nc3 c5 4.d5 d6 5.Nf3 Nf6 6.Be2 O-O 7.O-O Na6 8.Nd2 Nc7
9.a4 b6 10.Nc4 Ba6 11.Ne3 Bxe2 12.Qxe2 a6 13.f3 Nd7 14.Bd2 Rb8 15.Ncd1 b5
16.Bc3 Nf6 17.b3 Qd7 18.Nf2 Rfc8 19.Qe1 Nce8 20.Nfg4 c4 21.Nxf6+ Nxf6 22.b4 bxa4
23.Ra3 Ne8 24.Bxg7 Nxg7 25.c3 a5 26.Nc2 e6 27.Qa1 exd5 28.exd5 Qf5 29.Qd1 Qd3
30.Rxa4 axb4 31.cxb4 Nf5 32.Ra3 Qxd1 33.Rxd1 Rb5 34.Ra6 Re8 35.g4 Re2 36.gxf5 Rxc2
37.f6 h5 38.Rxd6 Rxb4 39.Rd8+ Kh7 40.Rf8  1/2-1/2

[Event "ESP-chT"]
[Site "Ponferrada"]
[Date "1997.??.??"]
[Round "4"]
[White "Vallejo Pons, Francisco"]
[Black "Fernandez Lopez, Felix"]
[Result "1-0"]
[WhiteElo "2415"]
[BlackElo "2300"]

1.e4 g6 2.d4 Bg7 3.Nc3 Nc6 4.d5 Nb8 5.h4 h5 6.Bg5 d6 7.Qd2 c6 8.Nf3 Qc7 9.Bc4 Nf6
10.dxc6 bxc6 11.O-O-O Bg4 12.e5 dxe5 13.Nxe5 O-O 14.Nxg6 Bxd1 15.Nxf8 Bxc2
16.Ne6  1-0

[Event "Tanta op"]
[Site "Tanta"]
[Date "1997.??.??"]
[Round "5"]
[White "Yousry, Mohamed"]
[Black "Taleb, Moussa"]
[Result "0-1"]
[WhiteElo "2120"]
[BlackElo "2265"]

1.e4 g6 2.d4 Bg7 3.Nc3 c5 4.d5 d6 5.Nf3 Nf6 6.Be2 O-O 7.O-O Nbd7 8.a4 b6
9.h3 a6 10.Bf4 Bb7 11.Qd2 Qc7 12.Bh6 Rad8 13.Bc4 Ne5 14.Nxe5 dxe5 15.Bxg7 Kxg7
16.Qe2 Ra8 17.f4 Nh5 18.Rf3 Nxf4 19.Qf1 Qd6 20.Rd1 g5 21.Rd2 f6 22.g3 Ng6
23.Nd1 Bc8 24.Ne3 h5 25.Be2 h4 26.Nf5+ Bxf5 27.exf5 Nh8 28.gxh4 Nf7 29.Rg3 Rh8
30.hxg5 fxg5 31.Bxa6 Rh4 32.Bb5 Kf6 33.Qd3 Rah8 34.Qe3 Rf4 35.Be2 Rxa4 36.b4 Ra1+
37.Kh2 Rh4 38.Bg4 Nh6 39.Kg2 Qb8 40.Re2 Rd1 41.Rd2 Rc1 42.d6 exd6 43.Qd3 Nxg4
44.Rxg4 Rh8 45.Qe3 Rg8 46.h4 Qa8+ 47.Rd5  0-1

[Event "Torre Blanca op"]
[Site "Torre Blanca"]
[Date "1997.??.??"]
[Round "4"]
[White "Alvarez Castillo, Hector"]
[Black "Pizarro, Pablo"]
[Result "1-0"]
[WhiteElo "2200"]
[BlackElo "2145"]

1.e4 g6 2.d4 Bg7 3.Nc3 Nc6 4.d5 Nd4 5.Nf3 c5 6.Nxd4 cxd4 7.Nb5 Qb6 8.a4 a6
9.Na3 Qc7 10.Bd3 d6 11.O-O Nf6 12.Bd2 b6 13.c3 dxc3 14.Bxc3 O-O 15.Rc1 Qb8
16.Qe2 Nd7 17.Bxg7 Kxg7 18.b4 a5 19.Qb2+ Kg8 20.Bb5 axb4 21.Qxb4 Nc5 22.f3 Ba6
23.Ra1 Bxb5 24.Nxb5 Ra6 25.Ra3 Rc8 26.Nd4 Qb7 27.Nc6 Rca8 28.Rfa1 Qd7 29.h3 e5
30.a5 bxa5 31.Rxa5 Qc7 32.Rxa6 Rxa6 33.Rxa6 Nxa6 34.Qa3 Nc5 35.Qa8+ Kg7 36.Qe8 Qd7
37.Qb8 f5 38.Qb4 fxe4 39.fxe4 Qf7 40.Nxe5 Qf4 41.Ng4 Nxe4 42.Qb2+ Kg8 43.Qb8+ Kg7
44.Qc7+ Qf7 45.Qc4 Nf6 46.Qc3  1-0

[Event "Torre Blanca op"]
[Site "Torre Blanca"]
[Date "1997.??.??"]
[Round "9"]
[White "Bravo, Jose"]
[Black "Pizarro, Pablo"]
[Result "0-1"]
[WhiteElo "2060"]
[BlackElo "2145"]

1.e4 g6 2.d4 Bg7 3.Nc3 Nc6 4.d5 Nd4 5.Nf3 Nxf3+ 6.Qxf3 d6 7.Bg5 h6 8.Bd2 Nf6
9.Bd3 O-O 10.h3 c5 11.dxc6 bxc6 12.O-O Rb8 13.Bc4 d5 14.exd5 cxd5 15.Bb3 Bb7
16.Qd3 e5 17.Rad1 d4 18.Ne2 Be4 19.Qa6 Rxb3 20.cxb3 Qa8 21.f3 Bb7 22.Qa5 Nd5
23.Rc1 f5 24.Bb4 Re8 25.Bc5 a6 26.Qd2 Ne3 27.Rf2 g5 28.Ng3 f4 29.Nf1 h5 30.Bb6 Re6
31.Qa5 g4 32.hxg4 hxg4 33.Nd2 g3 34.Re2 Qe8 35.Ree1 Qh5 36.Rxe3 Qh2+ 37.Kf1 dxe3
38.Rc7 Qh1+ 39.Ke2 Qxg2+ 40.Kd3 Qxd2+  0-1

[Event "Warsaw-ch"]
[Site "Warsaw"]
[Date "1997.??.??"]
[Round "8"]
[White "Shilin, Denis"]
[Black "Kopylov, Mihail"]
[Result "1-0"]
[WhiteElo "2320"]
[BlackElo "2365"]

1.e4 g6 2.d4 Bg7 3.Nc3 c5 4.dxc5 Qa5 5.Bd2 Qxc5 6.Nd5 Na6 7.Nf3 Nf6 8.b4 Qd6
9.Bf4 Qe6 10.Ng5 Qc6 11.b5 Qc5 12.Be3 Qa3 13.Bd4 Nxd5 14.Bxg7 Rg8 15.Bd4 e5
16.Bxe5 Ne3 17.fxe3 Qxe3+ 18.Be2 Qxg5 19.Qd6 Nb4 20.Bf6 Nxc2+ 21.Kf1 Ne3+
22.Kf2 Qxg2+ 23.Kxe3 Qh3+ 24.Bf3 Qe6 25.e5 g5 26.Rhf1 Rg6 27.Qxe6+  1-0

[Event "Anibal op 5th"]
[Site "Linares"]
[Date "1998.01.25"]
[Round "6"]
[White "Collas, Didier"]
[Black "Kreiman, Boris"]
[Result "1-0"]
[WhiteElo "2355"]
[BlackElo "2445"]

1.e4 g6 2.d4 Bg7 3.Nc3 c5 4.d5 d6 5.Bf4 a6 6.a4 Nf6 7.h3 Nbd7 8.Nf3 Rb8 9.Be2 O-O
10.Nd2 Ne8 11.O-O Nc7 12.a5 b5 13.axb6 Nxb6 14.Re1 Nb5 15.Ndb1 Nd7 16.Na4 e5
17.dxe6 fxe6 18.Bxd6 Nxd6 19.Qxd6 Bd4 20.Rf1 Qf6 21.Nd2 Bxf2+ 22.Kh1 Qe5
23.Nc4 Qxe4 24.Bg4 Rf6 25.b3 Kh8 26.Rae1 Bxe1 27.Rxf6 Nxf6 28.Qxb8 Bf2 29.Qxc8+ Kg7
30.Qxe6 Qf4 31.Nc3 Bd4 32.Qe7+ Kh6 33.Qe1 g5 34.Ne2 Qe4 35.Bf3 Qe6 36.c3 Be3
37.Ng3  1-0

[Event "Dreifluesse op"]
[Site "Passau"]
[Date "1998.04.11"]
[Round "4"]
[White "Walch, Ingo"]
[Black "Loesch, Yvonne"]
[Result "1/2-1/2"]
[WhiteElo "1951"]
[BlackElo "2105"]

1.d4 g6 2.e4 Bg7 3.Nc3 c5 4.Nf3 Qa5 5.Be2 Nc6 6.Be3 Nf6 7.O-O Ng4 8.Bd2 cxd4
9.Nd5 Qd8 10.Ng5 Nf6 11.f4 h6 12.Nxf6+ Bxf6 13.Bc4 hxg5 14.fxg5 Ne5 15.Bxf7+ Nxf7
16.gxf6 exf6 17.Bb4 Qb6 18.Qd2 d3+ 19.Kh1 Qc7 20.h3 b5 21.cxd3 g5 22.Rac1 Qg3
23.Rxf6 g4 24.Rg6 Ne5 25.Rh6 Rg8 26.Rf1 gxh3 27.Rxh3 Qg6  1/2-1/2

[Event "Politiken Cup"]
[Site "Copenhagen"]
[Date "1998.07.07"]
[Round "4"]
[White "Greger, Roland"]
[Black "Mortensen, Erling"]
[Result "1/2-1/2"]
[WhiteElo "2340"]
[BlackElo "2510"]

1.e4 g6 2.d4 Bg7 3.Nc3 c5 4.dxc5 Qa5 5.Bd2 Qxc5 6.Nd5 Na6 7.Bxa6 bxa6 8.Be3 Qc4
9.Qd3 Qxd3 10.cxd3 Kf8 11.Ne2 Bb7 12.Ndc3 f5 13.f3 Kf7 14.Rc1 Nf6 15.O-O e5
16.d4 exd4 17.Bxd4 Rhe8 18.Rcd1 Bc6 19.Nf4 fxe4 20.fxe4 Kg8 21.e5 Ng4 22.Nfd5 Bxe5
23.h3 Nh6 24.Bxe5 Rxe5 25.Nf6+ Kh8 26.Nxd7 Re7 27.Nf6 Nf5 28.Nfd5 Re5 29.Rfe1 Rae8
30.Rxe5 Rxe5 31.Kf2 a5 32.g4 Ne7 33.Nxe7 Rxe7 34.Rd6 Rf7+ 35.Kg3 Bb7 36.g5 Kg7
37.h4 h6 38.Nd5 hxg5 39.hxg5 Rf5 40.Rd7+ Rf7 41.Nf6 Rxd7 42.Nxd7 Be4 43.Kf4 Bb1
44.a3 Kf7 45.Ke5 Ke7 46.Nc5 Bc2 47.b4 axb4 48.axb4 Bd1 49.Nd3 Bb3 50.Nf4 Bf7
51.Nd5+ Kd7 52.b5 Bxd5 53.Kxd5 Kc7 54.Kc5  1/2-1/2

[Event "Politiken Cup"]
[Site "Copenhagen"]
[Date "1998.07.12"]
[Round "8"]
[White "Lonborg, Morten"]
[Black "Larsen, Peter"]
[Result "1/2-1/2"]
[WhiteElo "2195"]
[BlackElo "2275"]

1.e4 g6 2.d4 Bg7 3.Nc3 c5 4.Nf3 cxd4 5.Nxd4 Nc6 6.Be3 Nf6 7.Bc4 O-O 8.h3 d6
9.O-O Bd7 10.Qd2 a6 11.Rfe1 b5 12.Bd3 Qc7 13.Nxc6 Bxc6 14.Bh6 b4 15.Nd5 Nxd5
16.Bxg7 Kxg7 17.exd5 Bxd5 18.Qxb4 e5 19.c4 Be6 20.Qc3 a5 21.Rac1 Qc5 22.Be4 Rab8
23.Red1 Rfc8 24.Bd5 Bxd5 25.Rxd5 Qxd5 26.cxd5 Rxc3 27.bxc3 Rb2 28.a4 Kf6
29.c4 Ke7 30.c5 Rd2 31.cxd6+ Kxd6 32.Rc6+ Kxd5 33.Ra6 Rd1+ 34.Kh2 Ke4 35.Rxa5 f5
36.Ra7 Rf1 37.f3+ Ke3 38.Rxh7 e4 39.Rb7 Ra1 40.Rb3+ Kd2 41.fxe4 fxe4 42.Kg3 e3
43.Kf3 Rf1+ 44.Ke4 e2 45.Rb2+ Kd1 46.Kd3 e1=N+ 47.Kc4 Rf8 48.a5 Rc8+ 49.Kd4 Rd8+
50.Kc4 Nc2 51.a6 Ne3+ 52.Kc5 Rc8+ 53.Kd4 Nf5+ 54.Ke5 Rc5+ 55.Kf4 Ra5 56.Rb6 Ne7
57.Re6 Nd5+ 58.Ke4 Nc3+ 59.Kd3 Ne2 60.Kc4 Nf4 61.Rd6+ Ke2 62.g3 g5 63.h4 gxh4
64.gxf4 Kf3 65.Kb4 Ra1 66.f5 h3 67.f6 h2 68.f7 Rb1+ 69.Kc5 Rc1+ 70.Kb6 Rc8
71.Rh6 Kg2 72.a7 Rf8 73.Kc6 h1=Q 74.Rxh1 Kxh1 75.Kd6 Ra8 76.Kc6 Rf8 77.Kd6  1/2-1/2

[Event "MK Cafe Cup-A"]
[Site "Koszalin"]
[Date "1998.08.05"]
[Round "3"]
[White "Gipslis, Aivars"]
[Black "Adianto, Utut"]
[Result "1/2-1/2"]
[WhiteElo "2450"]
[BlackElo "2610"]

1.e4 g6 2.d4 Bg7 3.Nc3 c5 4.d5 d6 5.Nf3 Bg4 6.Be2 Nf6 7.O-O O-O 8.Nd2 Bxe2
9.Qxe2 Re8 10.Nc4 e6 11.Qf3 a6 12.a4 Nbd7 13.Bf4 e5 14.Bg5 h6 15.Bh4 Qc7
16.a5 Nh7 17.Qd3 h5 18.f3 Bf6 19.Bf2 h4 20.Na4 h3 21.g3 Be7 22.c3 Rf8 23.b4 cxb4
24.cxb4 Rac8 25.Rac1 f5 26.Be3 Qd8 27.Nab6 Nxb6 28.Nxb6 Rxc1 29.Rxc1 Bg5
30.exf5 Bxe3+ 31.Qxe3 Qg5 32.Qxg5 Nxg5 33.f4 Nf3+ 34.Kf2 Nxh2 35.Rh1 Ng4+
36.Kf3 gxf5 37.Rxh3  1/2-1/2

[Event "North Bay op"]
[Site "North Bay"]
[Date "1998.08.05"]
[Round "2"]
[White "Friedman, Josef"]
[Black "Day, Lawrence A"]
[Result "1/2-1/2"]
[WhiteElo "2195"]
[BlackElo "2355"]

1.e4 g6 2.d4 Bg7 3.Nc3 c5 4.d5 d6 5.Be2 Nf6 6.Nf3 O-O 7.O-O Na6 8.Be3 Nc7
9.a4 b6 10.Rb1 Bb7 11.b4 Ng4 12.Bd2 cxb4 13.Rxb4 Na6 14.Bxa6 Bxa6 15.Nb5 Qd7
16.c4 Rac8 17.h3 Ne5 18.Nxe5 Bxe5 19.f4 Bg7 20.Qe2 e6 21.Qd3 exd5 22.exd5 Bxb5
23.cxb5 f5 24.Rbb1 Rfe8  1/2-1/2

[Event "Budapest FS08 ELO"]
[Site "Budapest"]
[Date "1998.08.08"]
[Round "8"]
[White "Pal, Gyorgy"]
[Black "Horvath, Kalman"]
[Result "0-1"]
[WhiteElo "2050"]
[BlackElo "2135"]

1.e4 g6 2.d4 Bg7 3.Nc3 Nc6 4.Be3 d6 5.Qd2 e5 6.d5 Nce7 7.f3 f5 8.O-O-O Nf6
9.Bb5+ Kf8 10.Bh6 a6 11.Bxg7+ Kxg7 12.Bd3 b5 13.h4 b4 14.Nb1 a5 15.c4 Bd7
16.h5 fxe4 17.h6+ Kg8 18.fxe4 Nc8 19.Qg5 Qe7 20.Rf1 Nxd5 21.Qxe7 Ndxe7 22.Nf3 Nb6
23.Ng5 Rf8 24.Rxf8+ Kxf8 25.Rf1+ Ke8 26.Rf7 Ng8 27.Rg7 Nxh6 28.Nxh7 Ng4 29.Be2 Kd8
30.b3 Nf2 31.Bf3 Bc6 32.Nd2 Nd7 33.Kc2 Nc5 34.Ng5 Kc8 35.Rxg6 Rh1 36.Nh3 Nxh3
37.gxh3 Rh2 38.Rg2 Rxg2 39.Bxg2 Kd7 40.Bf3 Ke7 41.h4 Kf6 42.Kd1 Nd3 43.Bg2 Kg6
44.Bf3 Kh6 45.Nf1 Bxe4 46.Be2 Nc5 47.Nd2 Bg6 48.Ke1 Ne4 49.Nxe4 Bxe4 50.Kd2 c6
51.Ke3 d5 52.Bd1 Bb1 53.cxd5 cxd5 54.Kd2 d4 55.Kc1 Bf5 56.Kd2 e4  0-1

[Event "Karl Wagner mem 5th"]
[Site "Graz"]
[Date "1998.09.05"]
[Round "1.34"]
[White "Teuschler, Hugo"]
[Black "Singer, Richard"]
[Result "0-1"]
[WhiteElo "2030"]
[BlackElo "2275"]

1.e4 g6 2.d4 Bg7 3.Nc3 c5 4.Nf3 Qa5 5.Bd2 cxd4 6.Nd5 Qd8 7.Bf4 d6 8.Nxd4 e6
9.Nb5 exd5 10.Nxd6+ Kf8 11.Qxd5 Be6 12.Qxb7 Nd7 13.Nc4 Bf6 14.Bc7 Qc8 15.Qb4+ Kg7
16.Bd6 Qc6 17.e5 Qe4+ 18.Be2 Bxe5 19.Nxe5 Qxb4+ 20.Bxb4 Nxe5 21.Bc3 f6 22.f4 Ng4
23.Bd4 Ne7 24.O-O-O h5 25.h3 Nh6 26.Bf3 Rac8 27.Bxa7 Kf7 28.Rhe1 Nhf5 29.c3 h4
30.a4 Bb3 31.Rd2 Bxa4 32.Rde2 Bb3 33.Bg4 Ra8 34.Bb6 Ra6 35.Bxf5 Nxf5 36.Bd4 Rc8
37.Kd2 Ra2 38.Rb1 Bc2 39.Rc1 Rxb2 40.Ke1 Rb1 41.Rxc2 Rxc1+ 42.Rxc1 Nxd4 43.Rd1 Nf5  0-1

[Event "CRO-chT"]
[Site "Porec"]
[Date "1998.09.06"]
[Round "2"]
[White "Skripchenko, Almira"]
[Black "Lakos, Nikoletta"]
[Result "1/2-1/2"]
[WhiteElo "2420"]
[BlackElo "2385"]

1.e4 g6 2.d4 Bg7 3.Nc3 d5 4.e5 c5 5.f4 c4 6.Be2 h5 7.Bf3 e6 8.b3 b5 9.a4 Qa5
10.Bd2 b4 11.Nb5 c3 12.Nd6+ Kd7 13.Be3 Nh6 14.Bf2 Ba6 15.Ne2 Nc6 16.Bh4 Bf8
17.Bf6 Rh7 18.f5 gxf5 19.h3 Ng8 20.Bh4 Bxd6 21.exd6 Qb6 22.a5 Nxa5 23.Nf4 Nc6
24.Bxd5 exd5 25.Nxd5 Re8+ 26.Kf2  1/2-1/2

[Event "Karl Wagner mem 5th"]
[Site "Graz"]
[Date "1998.09.07"]
[Round "3.41"]
[White "Aschenbrenner, Robert"]
[Black "Agovic, Mirsad"]
[Result "1-0"]
[WhiteElo "2210"]
[BlackElo "2035"]

1.e4 g6 2.d4 Bg7 3.Nc3 c5 4.Nf3 Qa5 5.Bd2 cxd4 6.Nd5 Qd8 7.Bf4 d6 8.Nxd4 e6
9.Nb5 exd5 10.Nxd6+ Kf8 11.Qxd5 Be6 12.Qxb7 Nd7 13.Nc4 Bf6 14.Rd1 Qc8 15.Qb4+ Kg7
16.c3 Be7 17.Nd6 Qf8 18.Qd4+ Bf6 19.e5 Be7 20.Bc4 Nb6 21.Bxe6 fxe6 22.O-O h5
23.Rd3 Nh6 24.Bxh6+ Rxh6 25.Rf3 Qd8 26.Qf4 Bxd6 27.Qf7+ Kh8 28.exd6 Qxd6
29.Re3 g5 30.Rfe1 Rf8 31.Qxa7 Nc4 32.R3e2 Rhf6 33.b3 Nb6 34.f3 g4 35.Re5 Rf5
36.Rxe6 Qc5+ 37.Kh1 R8f7 38.Qxb6 Qxb6 39.Rxb6 gxf3 40.gxf3 Rxf3 41.Rh6+ Kg7
42.Rxh5 Rxc3 43.Rg5+ Kf8 44.Rg2 Ra7 45.Rf2+ Kg7 46.Rg1+ Kh7 47.Rg3 Rc1+ 48.Kg2 Ra1
49.a4 Rc7 50.Rf4 Ra2+ 51.Kh3 Rc6 52.Rh4+ Rh6 53.Rxh6+ Kxh6 54.Kg4  1-0

[Event "Herzliya"]
[Site "Herzliya"]
[Date "1998.09.14"]
[Round "9"]
[White "Zifroni, Dov"]
[Black "Lev, Ronen"]
[Result "1/2-1/2"]
[WhiteElo "2505"]
[BlackElo "2460"]

1.d4 g6 2.e4 Bg7 3.Nc3 c5 4.dxc5 Qa5 5.Bd2 Qxc5 6.Nd5 Na6 7.Nf3 e6 8.Bc3 Kf8
9.Bxg7+ Kxg7 10.Nc3 Nb4 11.Qd2 Nf6 12.O-O-O Ng4 13.Nd4 e5 14.Nf5+ gxf5 15.h3 Qxf2
16.Qg5+  1/2-1/2